Redemptionis sacramentum inštrukcia : usmernenie, na čo dbať a čomu sa vyhýbať vo vzťahu k najsvätejšej Eucharistii

Podrobná bibliografia
Ďalší autori: Koniarová, Anna, 1950- (Prekladateľ)
Médium: Kniha
Jazyk:slovenčina
taliančina
Fyzický popis:91 s. 20 cm
Vydavateľské údaje: Trnava Spolok sv. Vojtecha 2004
ISBN:8071625248
Vydanie:1. vyd.
Edícia:Pápežské dokumenty
Predmet:

MARC

LEADER 00000nam a2200000 a 4500
001 vtls001491940
003 SK-MaSNL
005 20260301015352.0
008 251029s2004 xo g 000 0 slo
015 |a SNBA2005/04-01572 
020 |a 8071625248  |q (brož.) 
035 |a B270ADB0-E8DE-4956-BB20-F1AD871F3973 
035 |a urn:nbn:sk:snk-amjdtq 
035 |a urn:nbn:sk:snk-am000zep 
040 |a SNK  |b slo  |c SNK  |e AACR2 
041 1 |a slo  |h ita  |b IT (UNESCO) 
044 |a xo  |c SK 
072 7 |a 27-1/-2  |x Kresťanská teológia. Dogmatická teológia  |2 konspekt 
080 |a 272-1/-9  |2 1997 
080 |a 27-185.53  |2 1997 
080 |a 272-549  |2 1997 
080 |a (093.2)  |2 1997 
080 |a 2  |2 UNESCO 
245 0 0 |a Redemptionis sacramentum  |b inštrukcia : usmernenie, na čo dbať a čomu sa vyhýbať vo vzťahu k najsvätejšej Eucharistii  |c [z talianského originálu preložila Anna Koniarová] 
246 3 1 |a Sviatosť vykúpenia 
250 |a 1. vyd. 
260 |a Trnava  |b Spolok sv. Vojtecha  |c 2004 
300 |a 91 s.  |c 20 cm 
490 1 |a Pápežské dokumenty  |v zv. 48 
500 |a Súbež. názov tal. 
504 |a Bibliogr. odkazy 
610 2 7 |a Katolícka cirkev.  |b Pápež (1978-2005 : Ján Pavol II.)  |2 SNKPH  |9 114944 
650 0 7 |a učenie katolíckej cirkvi  |2 SNKPH  |9 64342 
650 0 7 |a eucharistia  |2 SNKPH  |9 796 
655 7 |a inštrukcie  |2 SNKPH  |9 305108 
700 1 |a Koniarová, Anna,  |d 1950-  |4 trl  |9 200741 
830 0 |a Pápežské dokumenty  |9 277782 
919 |a 80-7162-524-8 
999 |c 560656  |d 562586 
952 |a SNK  |b SNK  |y PREZ  |7 0  |p 17A0457261  |o snkSD 74533  |i snk2005/1724  |8 0  |0 0  |1 0  |4 0  |d 2005-02-02  |l 0  |r 2025-11-21 00:00:00  |w 2026-02-23 
952 |a SNK  |b SNK  |y VYP  |7 0  |p 17A0457262  |o snkSD 74533 D1  |i snk2005/1725  |8 0  |0 0  |1 0  |4 0  |d 2005-02-02  |f 1  |l 0  |r 2017-06-30 00:00:00  |w 2026-02-23